[Event "Moscow op 03rd"]
[Site "Moscow"]
[Date "2007.01.28"]
[Round "2"]
[White "Maiorov, Nikita"]
[Black "Timofeev, Vladimir F"]
[Result "0-1"]
[WhiteElo "2516"]
[BlackElo "2302"]
[PlyCount "130"]
[EventDate "2007.01.27"]
[EventType "swiss"]
[EventRounds "9"]
[EventCountry "RUS"]
[SourceTitle "CBM 116 Extra"]
[Source "ChessBase"]
[SourceDate "2007.03.07"]
[SourceVersion "1"]
[SourceVersionDate "2007.03.07"]
[SourceQuality "1"]

1. d4 Nf6 2. c4 e6 3. Nc3 Bb4 4. Qc2 0-0 5. a3 Bxc3+ 6. Qxc3 b6 7. Nf3 Bb7 8. e3 d6 9. Be2 Nbd7 10. 0-0 Ne4 11. Qc2 f5 12. b4 Ng5 13. Nxg5 Qxg5 14. f3 e5 15. c5 dxc5 16. dxc5 bxc5 17. bxc5 Bc6 18. e4 f4 19. a4 Qe7 20. Ba3 Rf6 21. Bb5 Rd8 22. Rfd1 Nb8 23. Qc3 Rff8 24. Bb2 Rde8 25. Bc4+ Kh8 26. Bd5 Rf6 27. Rd2 Rh6 28. Bxc6 Nxc6 29. Rad1 Qh4 30. h3 Qg3 31. Kf1 Rg6 32. Rf2 h6 33. Qc4 Kh7 34. Qf7 Re7 35. Qf5 Ree6 36. Qf7 Re7 37. Qf8 Qh2 38. Qc8 Rxg2 39. Qf5+ Kg8 40. Qc8+ Kh7 41. Qf5+ g6 42. Qxg6+ Kxg6 43. Rxg2+ Qxg2+ 44. Kxg2 Kf6 45. Bc3 Ke6 46. Rb1 Rg7+ 47. Kh2 Rg3 48. Rf1 Nd4 49. Bxd4 exd4 50. Rd1 Ke5 51. Rd3 Rg6 52. Rb3 Rc6 53. Rb8 Rxc5 54. Re8+ Kf6 55. Rd8 Rc2+ 56. Kg1 c5 57. Kf1 Kg5 58. Rg8+ Kh5 59. Rg4 d3 60. Ke1 c4 61. Rxf4 c3 62. Rf5+ Kh4 63. Rd5 Re2+ 64. Kf1 c2 65. Rxd3 Rh2 0-1